[Event "OPEN D'AUBAGNE"]
[Site "SALLE LAKANAL AUBAGNE"]
[Date "2019.09.02"]
[Round "2.29"]
[White "Hours, Evelyne"]
[Black "Biglia, Michel"]
[Result "1/2-1/2"]
[WhiteElo "1070"]
[BlackElo "1210"]
[PlyCount "58"]
[EventDate "2019.??.??"]
[WhiteTeam "Cercle d'Echecs Aubagnais"]
[BlackTeam "Cercle d'Echecs Aubagnais"]

1. e4 e5 2. Nf3 Nc6 3. d4 f6 4. Bc4 exd4 5. Nxd4 Bc5 6. Nxc6 dxc6 7. Qxd8+ Kxd8
8. Nc3 b5 9. Bd3 Bb6 10. O-O Bb7 11. Bd2 Ne7 12. Rac1 a6 13. Be3 c5 14. a3 Ke8
15. b4 Kf7 16. Bxc5 Bxc5 17. bxc5 Rae8 18. Ne2 Nc6 19. Ng3 g6 20. c4 Nd4 21.
cxb5 Nxb5 22. Bxb5 axb5 23. f3 Ba6 24. Rcd1 Rd8 25. Rfe1 c6 26. Rxd8 Rxd8 27.
e5 fxe5 28. Rxe5 Re8 29. Rxe8 Kxe8 1/2-1/2

[Event "OPEN D'AUBAGNE"]
[Site "SALLE LAKANAL AUBAGNE"]
[Date "2019.09.02"]
[Round "2.31"]
[White "Bartolini, Manuela"]
[Black "Belaid, Myriam"]
[Result "1-0"]
[WhiteElo "1057"]
[BlackElo "1199"]
[PlyCount "95"]
[EventDate "2019.??.??"]
[WhiteTeam "Cercle d'Echecs Aubagnais"]
[BlackTeam "Club Provence Echecs"]

1. d4 e6 2. Bf4 h6 3. e3 d6 4. Bg3 Ne7 5. Bd3 a6 6. c3 g6 7. Qc2 Bg7 8. h3 g5
9. Be2 b6 10. e4 Bb7 11. Nd2 b5 12. Bh5 Ng6 13. a3 Nd7 14. Ne2 Nf6 15. Bf3 c6
16. a4 Qa5 17. Nb3 Qb6 18. Bxd6 Qd8 19. Bc5 Nd7 20. Bb4 Nb6 21. Nc5 Qc7 22.
Nxb7 Qxb7 23. a5 Nc4 24. b3 c5 25. Bxc5 O-O-O 26. bxc4 bxc4 27. e5 Qd7 28. Qe4
Qb5 29. O-O Rd7 30. Rab1 f5 31. Qa8+ Kc7 32. Bd6+ Rxd6 33. Qa7+ Kd8 34. Rxb5
Rd7 35. Rb8+ Ke7 36. Qc5+ Kf7 37. Rxh8 Nxh8 38. Rb1 Ng6 39. Bc6 Rc7 40. Rb7
Rxb7 41. Bxb7 Nh4 42. Qc7+ Kg6 43. Bxa6 g4 44. Bxc4 gxh3 45. Nf4+ Kg5 46. Nxe6+
Kg4 47. Qxg7+ Kh5 48. Nf4# 1-0

[Event "OPEN D'AUBAGNE"]
[Site "SALLE LAKANAL AUBAGNE"]
[Date "2019.09.02"]
[Round "2.32"]
[White "Boudet, Nicole"]
[Black "Broyer, Louis"]
[Result "1/2-1/2"]
[WhiteElo "1056"]
[BlackElo "1199"]
[PlyCount "58"]
[EventDate "2019.??.??"]
[WhiteTeam "Cercle d'Echecs Aubagnais"]
[BlackTeam "Cercle d'Echecs Aubagnais"]

1. e4 e5 2. Nf3 d6 3. d4 Nd7 4. Nc3 g6 5. Be2 Bg7 6. d5 Nc5 7. O-O Nh6 8. Bg5
f6 9. Be3 g5 10. Ne1 f5 11. Bh5+ Kf8 12. b4 Nxe4 13. Nxe4 fxe4 14. f3 exf3 15.
Nxf3 Bf6 16. Nxg5 Nf5 17. Nf7 Qe7 18. Qd3 e4 19. Qd1 Nxe3 20. Ng5 Nxd1 21.
Raxd1 Rg8 22. Nxh7+ Qxh7 23. Rxf6+ Ke7 24. Rdf1 Qxh5 25. g3 Bh3 26. R1f4 Qd1+
27. Kf2 Qf1+ 28. Ke3 Qe1+ 29. Kd4 Raf8 1/2-1/2

[Event "OPEN D'AUBAGNE"]
[Site "SALLE LAKANAL AUBAGNE"]
[Date "2019.09.02"]
[Round "2.33"]
[White "Periale, Francine"]
[Black "Gary, Yvon"]
[Result "0-1"]
[WhiteElo "1004"]
[BlackElo "1199"]
[PlyCount "82"]
[EventDate "2019.??.??"]
[WhiteTeam "Cercle d'Echecs Aubagnais"]
[BlackTeam "Club Provence Echecs"]

1. d4 d5 2. Nf3 Nf6 3. e3 Bf5 4. Nbd2 e6 5. Be2 Bd6 6. O-O O-O 7. b3 a6 8. Bb2
b5 9. c3 Ne4 10. Re1 Nd7 11. Bd3 Ndf6 12. Ne5 Bxe5 13. dxe5 Ng4 14. Nf3 Nexf2
15. Qe2 Ne4 16. Rf1 c5 17. a4 c4 18. bxc4 bxc4 19. Bb1 a5 20. Qe1 Rb8 21. Ba3
Rb3 22. Bxf8 Qxf8 23. Ba2 Rxc3 24. Rd1 f6 25. h3 Nxe5 26. Nxe5 fxe5 27. Bb1 Qc5
28. Rf3 d4 29. exd4 exd4 30. Rxc3 dxc3+ 31. Kh2 Qd6+ 32. Kg1 Qc5+ 33. Kf1 Nd2+
34. Rxd2 cxd2 35. Qxd2 c3 36. Qd8+ Kf7 37. Bxf5 Qxf5+ 38. Kg1 Qb1+ 39. Kh2 c2
40. Qd3 c1=Q 41. Qxb1 Qxb1 0-1

[Event "OPEN D'AUBAGNE"]
[Site "SALLE LAKANAL AUBAGNE"]
[Date "2019.09.02"]
[Round "2.34"]
[White "Lopez, Marcel"]
[Black "Madi, Mohammed"]
[Result "0-1"]
[WhiteElo "1199"]
[BlackElo "1045"]
[PlyCount "100"]
[EventDate "2019.??.??"]
[WhiteTeam "Cassis Echecs"]
[BlackTeam "Cercle d'Echecs Aubagnais"]

1. d3 c5 2. c4 d6 3. Nc3 Nc6 4. Nf3 Bf5 5. g3 Nf6 6. Bg2 Qd7 7. Bf4 Bh3 8. Rg1
g6 9. Ng5 Bxg2 10. Rxg2 h6 11. Nf3 Bg7 12. Qc2 Nb4 13. Qb3 b6 14. a3 Nc6 15.
O-O-O Ng4 16. Ng1 Nge5 17. Be3 O-O 18. f4 Ng4 19. Bd2 Qb7 20. Ne4 Nd4 21. Qa2
f5 22. h3 fxe4 23. hxg4 e3 24. Nf3 exd2+ 25. Rxd2 Nxf3 26. exf3 Qxf3 27. Kc2
Qxg4 28. Qb1 Rab8 29. Qe1 Qd7 30. Rge2 Qa4+ 31. Kb1 Bf6 32. Qh1 Kh7 33. Rh2 Bg7
34. Rde2 Rbe8 35. Qe1 Qb3 36. Rxe7 Qxd3+ 37. Ka2 Qxc4+ 38. Kb1 Qd3+ 39. Ka2
Qd5+ 40. Kb1 Qf5+ 41. Rc2 Rxe7 42. Qxe7 Qf6 43. Qxa7 d5 44. Qb7 Rd8 45. Rd2 Rd6
46. Qa6 c4 47. Qb5 g5 48. fxg5 Qxg5 49. Qb4 Be5 50. Qb5 Qxd2 0-1

[Event "OPEN D'AUBAGNE"]
[Site "SALLE LAKANAL AUBAGNE"]
[Date "2019.09.02"]
[Round "2.35"]
[White "Nasri, Alexandre"]
[Black "Shelar, Rujuta"]
[Result "1-0"]
[WhiteElo "1199"]
[BlackElo "1040"]
[PlyCount "123"]
[EventDate "2019.??.??"]
[WhiteTeam "Cercle d'Echecs Aubagnais"]
[BlackTeam "L'Echiquier du Roy René"]

1. e4 e6 2. Nc3 d5 3. d4 Bd7 4. exd5 exd5 5. Nxd5 Bc6 6. Nc3 Nf6 7. Bb5 Bxb5 8.
Nxb5 a6 9. Qe2+ Be7 10. Nc3 Qxd4 11. Nf3 Qd8 12. Bg5 Nbd7 13. O-O-O O-O 14. Ne5
Re8 15. Bxf6 Bxf6 16. Rxd7 Qc8 17. Rhd1 Bxe5 18. Qc4 h6 19. Rxf7 Kh8 20. g3 b5
21. Qc6 Re6 22. Qd7 Qxd7 23. Rfxd7 Rf8 24. Rd8 Rxd8 25. Rxd8+ Kh7 26. Nd5 c6
27. Nf4 Bxf4+ 28. gxf4 Re1+ 29. Kd2 Rh1 30. Ra8 Rxh2 31. Ke2 Rg2 32. b4 h5 33.
Rxa6 h4 34. Rxc6 h3 35. Rc3 h2 36. Rh3+ Kg6 37. Kf3 Rg1 38. Rxh2 Rc1 39. Rg2+
Kf6 40. Rg5 Rxc2 41. Rxb5 Rxa2 42. Ke4 Ke6 43. Rb6+ Kf7 44. Kd5 Rxf2 45. Rb7+
Kf6 46. b5 Rxf4 47. Rb8 g5 48. Rf8+ Kg6 49. Rxf4 gxf4 50. Ke4 Kg5 51. Kf3 Kf5
52. b6 Ke5 53. b7 Kf5 54. b8=Q Kg5 55. Qf8 Kg6 56. Qxf4 Kg7 57. Qd6 Kf7 58. Kf4
Kg7 59. Kg5 Kf7 60. Qd7+ Kf8 61. Kf6 Kg8 62. Qg7# 1-0

[Event "OPEN D'AUBAGNE"]
[Site "SALLE LAKANAL AUBAGNE"]
[Date "2019.09.02"]
[Round "2.36"]
[White "Pegon, Claude"]
[Black "Tramarin, Lucas"]
[Result "1-0"]
[WhiteElo "1049"]
[BlackElo "1189"]
[PlyCount "73"]
[EventDate "2019.??.??"]
[WhiteTeam "Cassis Echecs"]
[BlackTeam "La Ciotat Echecs (LCE)"]

1. c4 d6 2. Nc3 Nf6 3. Nf3 Bf5 4. d3 Nc6 5. a3 e5 6. e4 Bg4 7. Be2 Bxf3 8. Bxf3
Nd4 9. O-O Be7 10. Be3 Nxf3+ 11. Qxf3 Qd7 12. h3 O-O 13. Rfd1 c5 14. Nd5 Nxd5
15. cxd5 b5 16. Rdc1 Rab8 17. b4 Rfc8 18. Qg4 Qxg4 19. hxg4 Rb7 20. g3 Rcc7 21.
f4 Bf6 22. g5 exf4 23. gxf6 fxe3 24. fxg7 Kxg7 25. Kf1 cxb4 26. Rxc7 Rxc7 27.
axb4 Rc3 28. Ke2 Rb3 29. Kxe3 Rxb4 30. Rxa7 Kg6 31. Ra6 Ra4 32. Rxd6+ Kg7 33.
Rb6 Rb4 34. d6 Kf8 35. Rb8+ Kg7 36. d7 Rd4 37. Kxd4 1-0

[Event "OPEN D'AUBAGNE"]
[Site "SALLE LAKANAL AUBAGNE"]
[Date "2019.09.02"]
[Round "2.38"]
[White "Masson, Wally"]
[Black "Balaguer, Thomas"]
[Result "1-0"]
[WhiteElo "1152"]
[BlackElo "1009"]
[PlyCount "69"]
[EventDate "2019.??.??"]
[WhiteTeam "Cercle d'Echecs Aubagnais"]
[BlackTeam "Cercle d'Echecs Aubagnais"]

1. e4 e5 2. Nf3 Nc6 3. Bc4 Bc5 4. O-O Qh4 5. Nxh4 g5 6. Nf5 Nf6 7. d3 d6 8. Nh6
a6 9. Bxf7+ Ke7 10. Bxg5 Nd8 11. Bd5 c6 12. Bb3 Be6 13. Qf3 Rf8 14. Nd2 Nf7 15.
Bxe6 Nxh6 16. Bxh6 Ng4 17. Bxf8+ Rxf8 18. Qxg4 Rf4 19. Qh3 Bb4 20. c3 Ba5 21.
Bc8 Kf7 22. Qxh7+ Kf6 23. g3 Rg4 24. Bxb7 Rg7 25. Qf5+ Ke7 26. Bxc6 Rf7 27.
Qd7+ Kf6 28. Qxd6+ Kg7 29. Qxe5+ Rf6 30. Nf3 Kf7 31. Ng5+ Kg6 32. Be8+ Kg7 33.
Ne6+ Kh6 34. Qxf6+ Kh7 35. Qg7# 1-0

[Event "OPEN D'AUBAGNE"]
[Site "SALLE LAKANAL AUBAGNE"]
[Date "2019.09.02"]
[Round "2.39"]
[White "Friche, Allan"]
[Black "Rescanieres, Alice"]
[Result "0-1"]
[WhiteElo "1009"]
[BlackElo "1142"]
[PlyCount "46"]
[EventDate "2019.??.??"]
[WhiteTeam "La Ciotat Echecs (LCE)"]
[BlackTeam "La Ciotat Echecs (LCE)"]

1. c4 Nf6 2. Nc3 d5 3. g3 e6 4. a3 Bd6 5. Bg2 dxc4 6. Nb5 O-O 7. Nf3 a6 8. Nxd6
Qxd6 9. Qc2 b5 10. Nd4 c6 11. d3 Qxd4 12. Be3 cxd3 13. exd3 Qd7 14. Bc5 Rd8 15.
d4 Bb7 16. Bf1 Qd5 17. O-O-O Qxh1 18. Be2 Qxh2 19. Be7 Qh6+ 20. Rd2 Rxd4 21.
Bxf6 Qxf6 22. Rxd4 Qxd4 23. Bd3 g6 0-1

[Event "OPEN D'AUBAGNE"]
[Site "SALLE LAKANAL AUBAGNE"]
[Date "2019.09.02"]
[Round "2.40"]
[White "Nakle-Fambon, Gabriel"]
[Black "Belliardo, Julia"]
[Result "1-0"]
[WhiteElo "1009"]
[BlackElo "1099"]
[PlyCount "133"]
[EventDate "2019.??.??"]
[WhiteTeam "La Ciotat Echecs (LCE)"]
[BlackTeam "La Ciotat Echecs (LCE)"]

1. c4 e5 2. Nc3 Bd6 3. g3 Nf6 4. Bg2 O-O 5. Nf3 c6 6. O-O Bc5 7. e3 d6 8. d4
Bb6 9. dxe5 Nh5 10. g4 g6 11. gxh5 gxh5 12. Qxd6 Bd7 13. b4 Bc7 14. Qf6 Qe8 15.
Qh6 Bd8 16. e4 f6 17. exf6 Rxf6 18. Qd2 Be7 19. c5 b6 20. e5 Re6 21. cxb6 axb6
22. Ne4 c5 23. bxc5 bxc5 24. Nd6 Qd8 25. Bh3 Rg6+ 26. Kh1 Bxh3 27. Rg1 Ra6 28.
Rxg6+ hxg6 29. Nc4 Qc8 30. Qh6 Qb7 31. Qf4 g5 32. Qg3 g4 33. Ncd2 Qd7 34. Ng1
h4 35. Qb3+ Kf8 36. Nxh3 gxh3 37. Qxb8+ Bd8 38. Qb3 c4 39. Qxc4 Rg6 40. Qf4+
Kg7 41. Bb2 Rg4 42. Qe3 Qb7+ 43. Qf3 Qxb2 44. Qxg4+ Kf7 45. Nb3 Qxe5 46. Qc4+
Kf6 47. Qxh4+ Kf5 48. Qxd8 Qe4+ 49. Kg1 Qg4+ 50. Kf1 Qg2+ 51. Ke2 Qxh2 52. Qf8+
Ke5 53. Qg7+ Kf5 54. Nd4+ Ke4 55. Qg4+ Ke5 56. Rc1 Qf4 57. Qxf4+ Kxf4 58. a4
Ke4 59. Nc6 h2 60. a5 h1=Q 61. Rxh1 Kd5 62. Nb4+ Kc5 63. a6 Kxb4 64. a7 Kb3 65.
a8=Q Kb2 66. Kd3 Kb3 67. Rb1# 1-0

[Event "OPEN D'AUBAGNE"]
[Site "SALLE LAKANAL AUBAGNE"]
[Date "2019.09.02"]
[Round "2.41"]
[White "Gabarrot, Maxence"]
[Black "Friche, Timeo"]
[Result "0-1"]
[WhiteElo "1099"]
[BlackElo "1009"]
[PlyCount "50"]
[EventDate "2019.??.??"]
[WhiteTeam "La Ciotat Echecs (LCE)"]
[BlackTeam "La Ciotat Echecs (LCE)"]

1. Nf3 Nf6 2. Nc3 e6 3. e4 g6 4. Bd3 Bg7 5. e5 Ng8 6. Be2 Ne7 7. d3 O-O 8. O-O
Nbc6 9. d4 Nd5 10. Nxd5 exd5 11. Bg5 f6 12. Bh4 g5 13. Bg3 f5 14. h3 d6 15.
exd6 cxd6 16. Qd3 g4 17. hxg4 fxg4 18. Bh4 Bf6 19. Bxf6 Qxf6 20. Nh2 Qh4 21. g3
Qh3 22. Bd1 Bf5 23. Qe3 Be4 24. Qg5+ Kh8 25. Bxg4 Qg2# 0-1